01426nam a22003017a 4500952014300000999001700143003000800160005001700168008004100185020001800226040002300244041000800267082002400275245018900299246007700488260006900565300003800634490007700672504003300749650003000782650005000812650007100862700004000933700002500973700003600998740007701034942001301111 a0001b0001d2019-02-08e2l0o305.40561 K22 2017p018826r2019-02-08 00:00:00w2019-02-08xKemal Kılıçdaroğlu bağışıdır.yBKS c12716d12716MIRAKIL20190208120332.0190208b tu ||||| |||| 00| 0 tur d a9786053994688 aTR-AnCHPcTR-AnCHP atur a305.40561bK22 201710aKadınsız kentler :btoplumsal cinsiyet açısından belediyelerin politika ve bütçeleri /cGülay Günlük Şenesen, Yelda Yücel, Ayşegül Yakar Önal, ... [ve öte.] atoplumsal cinsiyet açısından belediyelerin politika ve bütçeleri aİstanbul:bİstanbul Bilgi Üniversitesi Yayınları,c2017. axix, 406 s.:bgrf., hrt.;c23 sm.0 aİstanbul Bilgi Üniversitesi yayınları ;aAraştırma ;v587.v10. aKaynakça ve dizin vardır. 09569aKadınlarxTürkiye 09568aKadınlarxSiyasete katılımzTürkiye 09977aYerel yönetimlerxEkonomik koşullarxKadınlarzTürkiye 95158aŞenesen, Gülay Günlük 95159aYücel, Yelda 95160aÖnal, Ayşegül Yakar atoplumsal cinsiyet açısından belediyelerin politika ve bütçeleri 2ddccBKS